| Tag |
First Indicator |
Second Indicator |
Subfields |
| LEADER |
00000cam a22000008a 4500 |
| 001 |
in00000008389 |
| 005 |
20151003050043.0 |
| 008 |
870603s1987 iaua b s00000 eng |
| 010 |
|
|
|a 87015892
|
| 020 |
|
|
|a 0877451761 :
|c $20.00
|
| 035 |
|
|
|a (OCoLC)16352283
|
| 035 |
|
|
|9 AAA0776AM
|
| 040 |
|
|
|a DLC
|c DLC
|d TXA
|d UtOrBLW
|
| 050 |
0 |
0 |
|a D10
|b .C84 1987
|
| 082 |
0 |
|
|a 001.9
|2 19
|
| 245 |
0 |
0 |
|a Cult archaeology and creationism :
|b understanding pseudoscientific beliefs about the past /
|c edited by Francis B. Harrold and Raymond A. Eve.
|
| 250 |
|
|
|a 1st ed.
|
| 264 |
|
1 |
|a Iowa City :
|b University of Iowa Press,
|c 1987.
|
| 300 |
|
|
|a xii, 163 pages :
|b illustrations
|
| 336 |
|
|
|a text
|b txt
|2 rdacontent
|
| 337 |
|
|
|a unmediated
|b n
|2 rdamedia
|
| 338 |
|
|
|a volume
|b nc
|2 rdacarrier
|
| 504 |
|
|
|a Includes bibliographies.
|
| 650 |
|
0 |
|a History
|x Errors, inventions, etc.
|
| 650 |
|
0 |
|a Creationism.
|
| 650 |
|
0 |
|a Archaeology and history.
|
| 700 |
1 |
|
|a Harrold, Francis B.,
|d 1948-
|
| 700 |
1 |
|
|a Eve, Raymond A.,
|d 1946-
|
| 999 |
|
|
|a MARS
|
| 999 |
f |
f |
|s c77d35eb-0c20-30a5-83df-5dbc3679376c
|i 1f18a869-8e58-3cef-9b1d-4d709d2d164b
|t 0
|
| 952 |
f |
f |
|p normal
|a Texas A&M University
|b College Station
|c Sterling C. Evans Library
|d Evans: Library Stacks
|t 0
|e D10 .C84 1987
|h Library of Congress classification
|i unmediated -- volume
|m A14812557816
|
| 952 |
f |
f |
|p normal
|a Texas A&M University
|b Galveston Campus
|c Jack K. Williams Library
|d Galveston Stacks
|t 0
|e D10 .C84 1987
|h Library of Congress classification
|i unmediated -- volume
|m 33620000770889
|
| 998 |
f |
f |
|a D10 .C84 1987
|t 0
|l Evans: Library Stacks
|
| 998 |
f |
f |
|a D10 .C84 1987
|t 0
|l Galveston Stacks
|